BUSINESS COMMUNICATION (Record no. 8904)

MARC details
000 -LEADER
fixed length control field 00426nam a22001577a 4500
003 - CONTROL NUMBER IDENTIFIER
control field SGT
082 ## - DEWEY DECIMAL CLASSIFICATION NUMBER
Classification number 651.74, AGA
100 ## - MAIN ENTRY--PERSONAL NAME
Personal name AGARWAL,HIMANSHU
245 ## - TITLE STATEMENT
Title BUSINESS COMMUNICATION
250 ## - EDITION STATEMENT
Edition statement 1ST
260 ## - PUBLICATION, DISTRIBUTION, ETC. (IMPRINT)
Place of publication, distribution, etc ROHTAK
Name of publisher, distributor, etc VIDYA PUBLICATIONS
Year of Publication 2009
300 ## - PAGE DESCRIPTION
No. of Pages 216
650 ## - SUBJECT ADDED ENTRY--TOPICAL TERM
Topical term or geographic name as entry element OFFICE SERVICES, ENGLISH
653 ## - KEYWORDS--INDEX TERM
Keyword term BUSINESS COMMUNICATION, COMMUNICATION SKILLS, WRITTEN COMMUNICATION, BUSINESS REPORTS
942 ## - ADDED ENTRY ELEMENTS (KOHA)
Source of classification or shelving scheme Dewey Decimal Classification
Koha item type FCM Books
Holdings
Withdrawn status Lost status Source of classification or shelving scheme Damaged status Not for loan Collection code Home library Current library Shelving location Date acquired Vendor Name Cost, normal purchase price SGTU Total Checkouts Full call number Accession No. (Barcode) Date last seen Date last borrowed Bill Date Koha item type
    Dewey Decimal Classification     COMMERCE MANAGEMENT SGT Science & Social Sciences Library SGT Science & Social Sciences Library On Display 02/06/2016 GOFT 140.00 SGTU 8 651.74, AGA CM339 18/09/2019 06/09/2019 02/06/2016 FCM Books
    Dewey Decimal Classification     COMMERCE MANAGEMENT SGT Science & Social Sciences Library SGT Science & Social Sciences Library On Display 02/06/2016 GIFT 140.00 SGTU 3 651.74, AGA CM291 21/08/2019 16/08/2019 02/06/2016 FCM Books